000 00774nam a2200241Ia 4500
003 OSt
005 20260213114951.0
008 220923b |||||||| |||| 00| 0 eng d
020 _a0521593247
037 _cGeneral Book
040 _aRTL
_cRTL
_beng
041 _2eng
_aeng
084 _aY:451262.653.N9, N8
_qRTL
100 _aKlein Martin A
_9117334
245 0 _aSlavery and colonial rule in French West Africa
260 _aCambridge
_bCambridge University Press
_c1998
300 _axxi, 354 p. :ill.
_bIncludes bibliographical references and index
490 _aAfrican Studies Series; 94
650 _a Sociology
_91115601
650 _aSlavery
_9170748
942 _hY:451262.653.N9, N8
_cGB
_2CC
_n0
999 _c493284
_d493284